Statistics for Film History #3

Click here to take the quiz!

General Stats

  • This quiz has been taken 88 times
    (85 since last reset)
  • The average score is 12 of 20

Answer Stats

HintAnswer% Correct
2013Daniel Day-Lewis wins his third Oscar for playing this historical characterAbraham Lincoln
92%
1955This "Rebel Without a Cause" diesJames Dean
90%
2001Harry Potter attends this school for the first time in filmHogwarts
82%
1995This company releases the first fully computer-animated filmPixar
78%
1964He is the first African-American to win the Best Actor OscarSidney Poitier
78%
1929This surrealist painter works on "An Andalusian Dog"Salvador Dalí
77%
1976Robert De Niro, in Taxi Driver, utters this famous line to his mirror"You talkin' to me?"
77%
1974This composer works with Steven Spielberg for the first timeJohn Williams
75%
2003Park Chan-wook's "Greek tragedy" Oldboy opens in this countrySouth Korea
68%
2005Christopher Nolan starts his "Dark Knight" trilogy with this entryBatman Begins
66%
1979A 60's Sci-fi series is finally made into this filmStar Trek: The Motion Picture
66%
1931He directs "M"Fritz Lang
52%
1920"The Cabinet of Dr. Caligari" is an early classic of this German movementGerman Expressionism
45%
2007"Citizen Kane" tops the list of this US Movie EstablishmentAFI
36%
2002Gollum is brought to life by this recording techniqueMotion Capture
36%
1988Hayao Miyazaki invents this beloved character and Studio Ghibli mascotTotoro
36%
1958The best film ever, according to "Sight & Sound", is madeVertigo
32%
1940Hitchcock makes his first film in America, called ...Rebecca
31%
2006A rebooted James Bond fights this villain in "Casino Royale"Le Chiffre
29%
1949This instrument is famously played in "The Third Man"Zither
19%

Score Distribution

Percentile by Number Answered

Percent of People with Each Score

Your Score History

You have not taken this quiz since the last reset